000 00659nam a2200253Ia 4500
005 20250425162002.0
008 250425s9999 xx 000 0 und d
020 _a9701501004
041 _aspa
082 _a621.3192
100 _aLLADONOSA GIRO, VICENT
245 0 _aCIRCUITOS BASICOS DE INSTALACIONES ELECTRICAS
250 _a1A ED.
260 _aMEXICO
260 _aMéxico
_bALFAOMEGA
_c1995
300 _a148
500 _aConsultar 39098 en BIBTEC
650 _aANALISIS DE CIRCUITOS
650 _aCIRCUITOS ELECTRICOS
650 _aINSTALACIONES ELECTRICAS
650 _aPRUEBAS DE CONOCIMIENTO
942 _c01
010 _a38783
999 _c220143
_d220143